Jim! : six true stories about one great artist : ... Read More
Available copies
- 1 of 2 copies available at LARL/NWRL Consortium.
- 1 of 2 copies available at Lake Agassiz Regional Library. (Show preferred library)
Current holds
0 current holds with 2 total copies.
Show Only Available Copies
| Location | Call Number / Copy Notes | Barcode | Shelving Location | Status | Due Date |
|---|---|---|---|---|---|
| Barnesville Public Library | E 921 MAR (Text) | 33500014220818 | New | Checked out | 07/15/2026 |
| Fosston Public Library | E 921 MAR (Text) | 33500014220826 | New | Available | - |
Record details
- ISBN: 0593859340
- ISBN: 9780593859346
- Physical Description: 80 p. : col. ill. ; 24 cm
- Publisher: New York, NY : Dial Books, 2025.
Content descriptions
| Summary, etc.: | Author and illustrator James Marshall let kids in ... Read More |
| Target Audience Note: | PK1. |
Search for related items by subject
| LDR | 02058nam a2200397M 4500 | ||
|---|---|---|---|
| 001 | 462911 | ||
| 003 | LARL_NWRL_CONSORTIUM | ||
| 005 | 20250630202248.0 | ||
| 008 | 250409s2025 nyua 000 0beng d | ||
| 040 | . | ‡aCHILD ‡beng ‡cCHILD ‡dOCLCO ‡dBDX | |
| 020 | . | ‡a0593859340 | |
| 020 | . | ‡a9780593859346 | |
| 035 | . | ‡a(OCoLC)1514306528 | |
| 082 | 1 | 4. | ‡a306 ‡223 |
| 100 | 1 | . | ‡aConnors, Jerrold. |
| 245 | 1 | 0. | ‡aJim! : ‡bsix true stories about one great artist : James Marshall / ‡cJerrold Connors ; illustrated by Jerrold Connors. |
| 260 | . | ‡aNew York, NY : ‡bDial Books, ‡c2025. | |
| 300 | . | ‡a80 p. : ‡bcol. ill. ; ‡c24 cm | |
| 520 | . | ‡aAuthor and illustrator James Marshall let kids in on the joke. He knew little kids were smart, and he didn't talk down to them in his stories. He was right kids loved his picture books. Decades after his death, the characters he illustrated Miss Nelson, Viola Swamp, George and Martha, Goldilocks, Fox and His Friends are still beloved. James Marshall should be at least as famous as his characters, and now he is, in his own picture book biography. Created in an irreverent style inspired by James Marshall's own art and storytelling, this delightful biography, featuring James as a fox, celebrates in both form and content what made James Jim to his friends so talented, funny, and special, and what has made his tales last. This time, Jim is the main character. | |
| 521 | 2 | . | ‡aPK1. |
| 600 | 1 | 0. | ‡aMarshall, James ‡vBiography. |
| 650 | 0. | ‡aAuthors ‡vBiography. ‡0(LARL_NWRL_CONSORTIUM)14310 | |
| 650 | 0. | ‡aIllustrators ‡vBiography. | |
| 600 | 1 | 1. | ‡aMarshall, James ‡vBiography. |
| 650 | 1. | ‡aAuthors ‡vBiography. ‡0(LARL_NWRL_CONSORTIUM)14310 | |
| 650 | 1. | ‡aIllustrators ‡vBiography. | |
| 600 | 1 | 7. | ‡aMarshall, James ‡vBiography. ‡2sears |
| 650 | 7. | ‡aAuthors ‡vBiography. ‡2sears ‡0(LARL_NWRL_CONSORTIUM)14310 | |
| 650 | 7. | ‡aIllustrators ‡vBiography. ‡2sears | |
| 700 | 1 | . | ‡aConnors, Jerrold, ‡eill. |
| 905 | . | ‡uvanderl | |
| 901 | . | ‡a462911 ‡bAUTOGEN ‡c462911 ‡tbiblio ‡soclc | |

Add to basket
Permalink
Enable Highlighting